[Event "IECC M email"]
[Site "IECC email"]
[Date "2002.04.04"]
[Round "?"]
[White "Broussard, Michael"]
[Black "Johnson, William"]
[Result "0-1"]
[WhiteElo "1093"]
[BlackElo "1050"]
[PlyCount "92"]
[EventDate "2002.??.??"]
[EventType "tourn (corr)"]
[EventRounds "6"]
[SourceTitle "Corr 2008"]
[Source "ChessBase"]
[SourceDate "2008.06.24"]
[SourceVersion "1"]
[SourceVersionDate "2008.06.24"]
[SourceQuality "1"]

1. e4 e5 2. Nf3 Nc6 3. Nc3 Bc5 4. Qe2 d6 5. h3 Nge7 6. Na4 a6 7. d3 Nd4 8. Nxd4 Bxd4 9. c3 Ba7 10. Be3 Bxe3 11. Qxe3 b5 12. b3 bxa4 13. bxa4 Qd7 14. Be2 Qxa4 15. Bd1 Qa5 16. a4 Qxc3+ 17. Qd2 Qxa1 18. 0-0 Qd4 19. Bf3 Rb8 20. a5 0-0 21. Bh5 Rb2 22. Qc1 c6 23. Bf3 Be6 24. Be2 Rxe2 25. Qd1 Rb2 26. Qf3 Rfb8 27. Qd1 Ra2 28. Qf3 Ra1 29. Qe2 Rxf1+ 30. Qxf1 Ba2 31. Qe2 Rb1+ 32. Kh2 Rb2 33. Qe3 Qxe3 34. fxe3 Re2 35. d4 Rxe3 36. dxe5 dxe5 37. g4 c5 38. Kg2 c4 39. Kf2 Rxe4 40. Kf3 Rd4 41. h4 c3 42. Ke3 c2 43. Ke2 c1Q 44. Kf2 Qc3 45. Ke2 Rd2+ 46. Ke1 Qc1# 0-1

[Event "IECC M email"]
[Site "IECC email"]
[Date "2002.04.04"]
[Round "?"]
[White "Johnson, William"]
[Black "Broussard, Michael"]
[Result "1-0"]
[WhiteElo "1000"]
[BlackElo "1128"]
[PlyCount "21"]
[EventDate "2002.??.??"]
[EventType "tourn (corr)"]
[EventRounds "6"]
[SourceTitle "Corr 2008"]
[Source "ChessBase"]
[SourceDate "2008.06.24"]
[SourceVersion "1"]
[SourceVersionDate "2008.06.24"]
[SourceQuality "1"]

1. e4 e5 2. Nf3 Nc6 3. Bb5 Nge7 4. 0-0 a6 5. Ba4 b5 6. Bb3 d5 7. d3 dxe4 8. dxe4 Qxd1 9. Rxd1 Bd7 10. Ng5 Bg4 11. Bxf7# 1-0

[Event "IECC M email"]
[Site "IECC email"]
[Date "2002.02.23"]
[Round "?"]
[White "Broussard, Michael"]
[Black "Richard, Andy"]
[Result "1-0"]
[WhiteElo "1115"]
[BlackElo "1059"]
[PlyCount "47"]
[EventDate "2002.??.??"]
[EventType "tourn (corr)"]
[EventRounds "6"]
[SourceTitle "Corr 2008"]
[Source "ChessBase"]
[SourceDate "2008.06.24"]
[SourceVersion "1"]
[SourceVersionDate "2008.06.24"]
[SourceQuality "1"]

1. d4 f5 2. c4 Nf6 3. g3 g6 4. Bg2 Bg7 5. Nf3 0-0 6. 0-0 d6 7. Nc3 Qe8 8. d5 a5 9. Ne1 Na6 10. Nb5 e5 11. Nxc7 Nxc7 12. a4 Na6 13. Qd2 b6 14. e4 fxe4 15. b3 Nc5 16. Rb1 Ra7 17. f3 exf3 18. Nxf3 Bf5 19. Rb2 Bd3 20. Re1 Re7 21. b4 axb4 22. Rxb4 Nfd7 23. Ng5 e4 24. a5 1-0